| 000 | 00443nam a2200145 a 4500 | ||
|---|---|---|---|
| 001 | 000033720 | ||
| 005 | 20200930070452.0 | ||
| 008 | 110907s1881 mau 000 0 spa d | ||
| 040 |
_aDO-SdBNP _bspa _cBNPHU |
||
| 082 |
_axxx _bC726 |
||
| 245 | 0 | 0 |
_aColumbus : _bor the discovery of América / _cedited by Fred H. Allen. |
| 260 |
_aBoston : _bD Lothrop Company, _c1881. |
||
| 300 |
_a225 p. : _bil. ; _c19 cm. |
||
| 700 | 1 |
_aAllen, Fred H., _eed. _959164 |
|
| 999 |
_c33211 _d33211 |
||